Verdi.

Bibliographic Details
Main Author: Hussey, Dyneley, 1893-1972
Format: Book
Language:English
Published: New York : Pelligrini and Cudahy, 1949.
Series:Master musicians series.
Subjects:

MARC

Tag First Indicator Second Indicator Subfields
LEADER 00000cam a2200000 4500
001 in00000021226
005 20151007061019.0
008 741202s1949 nyuacg 00000beng u
010 |a  50007539  
035 |a (OCoLC)01096008 
035 |9 AAD0839AM 
040 |c TYC  |d TXA  |d UtOrBLW 
049 |a TXAM  |c [174366] 
050 0 0 |a ML410.V4  |b H8 1949 
082 0 |a 927.8 
092 |a 780.92  |b V484Yh 
100 1 |a Hussey, Dyneley,  |d 1893-1972. 
245 1 0 |a Verdi. 
264 1 |a New York :  |b Pelligrini and Cudahy,  |c 1949. 
300 |a 355 pages :  |b illustrations, portrait, music. 
336 |a text  |b txt  |2 rdacontent 
337 |a unmediated  |b n  |2 rdamedia 
338 |a volume  |b nc  |2 rdacarrier 
490 1 |a Master musicians. New ser 
600 1 0 |a Verdi, Giuseppe,  |d 1813-1901. 
830 0 |a Master musicians series. 
999 |a MARS 
999 f f |s 5fa03e59-184c-36da-823e-6d87cdca1751  |i 7ee5b79d-89de-377d-89c1-20923e25a799  |t 0 
952 f f |p normal  |a Texas A&M University  |b College Station  |c Sterling C. Evans Library  |d Evans: Library Stacks  |t 0  |e ML410.V4 H8 1949  |h Library of Congress classification  |i unmediated -- volume  |m A14801168298 
998 f f |a ML410.V4 H8 1949  |t 0  |l Evans: Library Stacks